| 000 | 02007cam a2200397 a 4500 | ||
|---|---|---|---|
| 001 | 000122012 | ||
| 003 | CO-CtgCURN | ||
| 005 | 20260408131905.0 | ||
| 007 | ta | ||
| 008 | 010301s2004 ck fr 000 0 spa d | ||
| 020 | _a9589105270 | ||
| 040 |
_aCO-CtgCURN _bspa _ccoctgcurn |
||
| 082 | 0 | 4 |
_a001.42 _bC65c |
| 245 | 0 | 0 |
_aCómo elaborar y presentar un trabajo escrito : _bmanual teórico-práctico según normas del ICONTEC / _cNorma Marthe de Carvajal ... [et al.]. |
| 260 |
_aBarranquilla : _bUniversidad del Norte, _c2004. |
||
| 300 | _a242 p. | ||
| 500 | _aIncluye anexos y ejercicios generales. | ||
| 504 | _aBibliografia (p.152-153) | ||
| 505 | 8 | _aElabaración y presentación de un trabajo escrito.-- El texto o trabajo escrito.-- Cómo elgir un tema.-- Estrategias para precisar el contenido y alcance de un trabajo.--Las parte de un trabajo escrito.--Referencias bibliográficas.--Citas y notas a pie de página.--El resumen.--La reseña.--El ensayo.--Redacción informativa.--La hoja de vida.--Los signos de puntuación.--El párrafo.--La oración | |
| 590 | _aCompetencias comunicativas I (Enfermería) | ||
| 590 | _aCompetencias comunicativas II (Enfermería) | ||
| 590 | _aCompetencias comunicativas III (Enfermería) | ||
| 590 | _aCompetencias comunicativas I (Medicina) | ||
| 590 | _aCompetencias Comunicativas III (Odontología) | ||
| 590 | _aCompetencias Comunicativas I (Bacteriología) | ||
| 610 | 2 | 4 |
_aInstituto colombiano de Normas Técnicas. _2LEMB |
| 650 | 1 | 4 |
_aRedacción de escritos técnicos. _2LEMB |
| 650 | 1 | 4 |
_aTesis y disertaciones académicas _xmanuales. _2LEMB |
| 650 | 1 | 4 |
_aInvestigación científica. _2LEMB |
| 650 | 1 | 4 |
_aMetodología científica _vGuías. _2LEMB |
| 650 | 1 | 4 |
_aRedacción de escritos técnicos _vMetodología. _2LEMB |
| 700 | 1 | _aMarthe de Carvajal, Norma. | |
| 942 |
_cBK _h001.42 _iC65c _2ddc _n0 |
||
| 999 |
_c11278 _d11278 |
||